| 000 | 00963cam a2200313 4500 | ||
|---|---|---|---|
| 999 |
_c23441 _d23441 |
||
| 001 | vtls012063935 | ||
| 005 | 20221011073459.0 | ||
| 008 | 210730s2021 xo er 000 f slo | ||
| 020 |
_a9788081973789 _q(viazané) |
||
| 040 |
_aTTKJF _bslo _cTTKJF _dSNK _erda |
||
| 041 | 0 | _aslo | |
| 044 |
_axo _cSK |
||
| 072 | 7 |
_a821.162.4-3 _xSlovenská próza _2konspekt |
|
| 080 |
_a821.162.4-31 _22011 |
||
| 080 |
_a(0:82-312.5) _22011 |
||
| 100 | 1 |
_aVelinská, Sara Mia _4aut _93660 |
|
| 245 | 1 | 0 |
_aProkurátor a ja _cSara Mia Velinská |
| 250 | _aPrvé vydanie | ||
| 264 | 1 |
_aLiptovský Mikuláš _bElist s.r.o. _c2021 |
|
| 300 |
_a348 strán _c22 cm |
||
| 336 |
_atext _btxt _2rdacontent |
||
| 337 |
_abez média _bn _2rdamedia |
||
| 338 |
_azväzok _bnc _2rdacarrier |
||
| 655 | 7 |
_aslovenské romány _2SNKPH _91694 |
|
| 655 | 7 |
_aľúbostné romány _2SNKPH _913 |
|
| 655 | 7 |
_aSlovak fiction _2SNKPHeng _91695 |
|
| 655 | 7 |
_aLove novels _2SNKPHeng _91667 |
|
| 958 | _aLX | ||